IVE all songs discography (3/26) - Statistics

General Stats
  • This quiz has been taken 413 times
    38 since last reset
  • The average score is 34 of 56
Answer Stats
Answer % Correct
After LIKE
100%
ELEVEN
100%
LOVE DIVE
100%
BANG BANG
97%
I AM
90%
Accendio
86%
All Night
86%
HEYA
86%
XOXZ
86%
BLACKHOLE
83%
8 (JANGWONYOUNG Solo)
76%
ATTITUDE
76%
Baddie
76%
REBEL HEART
76%
Odd (GAEUL Solo)
72%
Supernova Love
72%
ROYAL
69%
Force (ANYUJIN Solo)
62%
In Your Heart (REI Solo)
62%
KITSCH
62%
Super ICY (LEESEO Solo)
62%
Take it
62%
Blue Blood
59%
Fireworks
59%
Hush
59%
Heroine
55%
Holy Moly
55%
Lips
55%
Unreal (LIZ Solo)
55%
Either Way
52%
Ice Queen
52%
I WANT
52%
My Satisfaction
52%
Stuck In Your Head
52%
Cherish
48%
FLU
48%
HOT COFFEE
48%
Hypnosis
48%
Off the Record
48%
OTT
48%
Shine With Me
48%
TKO
48%
WOW
48%
Blue Heart
45%
GOTCHA (Baddest Eros)
45%
SUMMER FESTA
45%
NOT YOUR GIRL
41%
RESET
41%
Thank U
41%
Wild Bird
41%
Dear, My Feelings
38%
Mine
38%
Next Page
38%
Payback
38%
You Wanna Cry
38%
Midnight Kiss
34%
No matching quizzes found
Score Distribution
Percent of People with Each Score
Percentile by Number Answered
Your Score History
You have not taken this quiz since the last reset